LEADER 01115nam a2200253 u 4500 001 000000042209 003 CaOOAMICUS 005 20070226114312.0 008 990223q1944 sz u000 u fre u 035 $a10815157 040 $aPUL(R)$bita 100 1 $aSilva, Raymond.$0(OLS)http://pul/name/31011 245 10$aAu service de la paix :$bl'idée fédéraliste /$cRaymond Silva. 260 $aNeuchatel :$bLa Baconnière,$c[1944?] 300 $a237 p. ;$c18 cm 504 $aBibliografia in nota. 650 4$aPace internazionale.$0(OLS)http://pul/subject/18832 850 $aPUL 852 $aPUL$W1$xDP1 Cons. Gen., Altre Classi 1$y22$m44 C 10$j57095$nBK-PRI$b $qStampati$B57095$CPULBib$Z2$F57095 $H $81 852 $aPUL$W1$xDP1 Cons. Gen., Altre Classi 1$y22$m44 E 6$j57096$nBK-PRI$b $qStampati$B57096$CPULBib$Z2$F57096 $H $81 941 1 $a8 961 $aINV: 31667 996 $6245$aAu service de la paix :$bl'idée fédéraliste$9(OLS)http://pul/title/56937 996 $6260$aNeuchatel :$bLa Baconnière$9(OLS)http://pul/publisher/50198 LEADER 01204nam a2200277 a 4500 001 000000140949 003 CaOOAMICUS 005 20141215140840.0 008 141215s2013 gw u000 u ger r 020 $a978-3-451-02255-5 040 $aPUL$bita 245 00$aTheologie der Sozialethik /$cHrsg. von Markus Vogt ; in Zusammenarbeit mit Ingeborg Gabriel ... [et al.]. 260 $aFreiburg ;$aBasel ;$aWien :$bHerder,$c2013. 300 $a328 p. ;$c22 cm 490 1 $aQuaestiones disputatae ;$v255 650 4$aTeologia e etica sociale.$0(OLS)http://pul/subject/41033 700 1 $aVogt, Markus.$0(OLS)http://pul/name/90798 700 1 $aGabriel, Ingeborg.$0(OLS)http://pul/name/90799 830 0$aQuaestiones disputatae ;$v255.$0(OLS)http://pul/title/4920 850 $aPUL 852 $aPUL$W1$xSL Religione 2$y84$mTheol A6 255$j162714$qStampati Altre Collocazioni$B162355$CPULBib$Z2$F162355 $H125138 $82 941 1 $a10 996 $6020$a978-3-451-02255-5$9(OLS)http://pul/number/156565 996 $6245$aTheologie der Sozialethik$9(OLS)http://pul/title/178340 996 $6260$aFreiburg ;$aBasel ;$aWien :$bHerder$9(OLS)http://pul/publisher/48104